[Event "Hull 4NCL op-C"]
[Site "Hull"]
[Date "2023.09.10"]
[Round "4"]
[White "Szydlowski, Sebastien"]
[Black "Black, Ewan"]
[Result "1-0"]
[WhiteElo "1585"]
[BlackElo "1528"]
[PlyCount "47"]
[EventDate "2023.09.08"]
[EventType "swiss"]
[EventRounds "5"]
[EventCountry "ENG"]
[SourceTitle "CBM 216 Extra"]
[Source "ChessBase"]
[SourceDate "2023.11.30"]
[SourceVersion "1"]
[SourceVersionDate "2023.11.30"]
[SourceQuality "1"]

1. b3 e5 2. Bb2 Nc6 3. e3 d6 4. Bb5 Bd7 5. Nf3 Be7 6. d3 a6 7. Bxc6 Bxc6 8. Nbd2 Nf6 9. 0-0 Qd7 10. c4 0-0-0 11. c5 g5 12. cxd6 Bxd6 13. Nxe5 Bxe5 14. Bxe5 Qd5 15. Nf3 g4 16. Bxf6 gxf3 17. Bxd8 Rg8 18. g3 Qh5 19. Bh4 Qg4 20. Kh1 Re8 21. Rc1 Rxe3 22. Rxc6 Qh3 23. Rxc7+ Kxc7 24. Rg1 1-0

[Event "Daventry 4NCL Easter op-C 2nd"]
[Site "Daventry"]
[Date "2022.04.16"]
[Round "3"]
[White "Loyden, Gary"]
[Black "Szydlowski, Sebastien"]
[Result "1/2-1/2"]
[WhiteElo "1526"]
[BlackElo "1681"]
[PlyCount "35"]
[EventDate "2022.04.15"]
[EventType "swiss"]
[EventRounds "7"]
[EventCountry "ENG"]
[SourceTitle "CBM 207 Extra"]
[Source "ChessBase"]
[SourceDate "2022.05.31"]
[SourceVersion "1"]
[SourceVersionDate "2022.05.31"]
[SourceQuality "1"]

1. c4 e5 2. Nc3 Nf6 3. g3 Bb4 4. e4 Bxc3 5. dxc3 d6 6. Bd3 0-0 7. f3 h6 8. Be3 c6 9. Qd2 Kh7 10. g4 Rh8 11. Ne2 Kg8 12. 0-0-0 d5 13. Bc2 Be6 14. g5 hxg5 15. Bxg5 Nbd7 16. cxd5 cxd5 17. exd5 Bxd5 18. Bxf6 1/2-1/2